000 00755cab a2200217 4500
001 ABS40954
008 090401t1989 xxu||||| |||| 00| 0 eng d
035 _a(Sirsi) u27152
041 _aeng
100 _aSlavid, R.
245 _aBritain must engineer a different attitude
260 _c1989
350 _a0
490 _aConstruction News
_v(6114) 1 June 1989, 21-22(2)
520 _aHighlights some findings of the first stage of the European Construction Industry Analysis which identified four contracting systems in use in Europe. Systems in use in Greece , Italy , Spain and France are described.
650 _aBUILDING INDUSTRY
650 _aDECENNIAL INSURANCE
690 _aEUROPE-SINGLE MARKET
942 _n0
948 _c04/03/1997
999 _c18284
_d18284